Los cisnes salvajes y otros cuentos /

Guardado en:
Autor Principal: Andersen, Hans Christian
Otros Autores: Viola, Liliana; adap., Sanyú; il.
Formato: Libro
Publicado: Buenos Aires : Colihue, 2013
Series:Los grandes para los chicos
Materias:
Etiquetas: Agregar Etiqueta
Sin Etiquetas, Sea el primero en etiquetar este registro!
LEADER 00954nam a22002775a 4500
001 CEM.cems015443
005 20191206153346.0
008 130507s2013##################000#0#####d
003 CEMS
020 |a 9789876849210 
082 0 4 |a 839.81 
100 1 |a Andersen, Hans Christian 
245 1 0 |a Los cisnes salvajes y otros cuentos /  |c Hans Christian Andersen ; adaptado Por Liliana Viola ; ilustrado Por Sanyú 
260 |a Buenos Aires :  |b Colihue,  |c 2013 
300 |a 64 p. 
490 0 |a Los grandes para los chicos 
505 0 |a Los cisnes salvajes -- La princesa y el garbanzo -- El cofre volador -- 
653 |a Literatura 
653 |a Literatura danesa 
653 |a Literatura infantil 
653 |a Cuentos infantiles 
653 |a Colección ciencias de la educación 
653 |a Cuentos tradicionales 
700 1 |a Viola, Liliana; adap. 
700 1 |a Sanyú; il. 
859 |a CEMS  |b BIB. CEMS - Ccias. Educacion  |h 839.81  |i An226  |k CE  |p 28929.19  |t Ej.1